000 00418nam a22001577a 4500
003 OSt
008 210814b ||||| |||| 00| 0 eng d
082 _a294.5924
_bRAS
100 _aSWAMI Ramsukhdas
245 _aSrimad Bhagavad Gita: Sadhaka - Sanjivani [with Appendix] - Vol.2
250 _aRep Vol-2
260 _aKolkata
_bGita Press Gorakhpur
_c2017
300 _a1085
650 _aReligious
942 _2ddc
_cBK
999 _c10895
_d10895